Phía Đông vườn địa đàng - Tiểu thuyết Mỹ

Zapisane w:
Opis bibliograficzny
1. autor: John Steinbeck
Format: Książka
Język:Undetermined
Wydane: H. VHTT 2003
Hasła przedmiotowe:
Etykiety: Dodaj etykietę
Nie ma etykietki, Dołącz pierwszą etykiete!
Thư viện lưu trữ: Trung tâm Học liệu Trường Đại học Cần Thơ
LEADER 00515nam a2200181Ia 4500
001 CTU_53668
008 210402s9999 xx 000 0 und d
020 |b 40000 
082 |a 813.5 
082 |b S819 
100 |a John Steinbeck 
245 0 |a Phía Đông vườn địa đàng - Tiểu thuyết Mỹ 
245 0 |c John Steinbeck; Đinh Văn Quý dịch 
260 |a H. 
260 |b VHTT 
260 |c 2003 
650 |a american fiction 
980 |a Trung tâm Học liệu Trường Đại học Cần Thơ